Statistics for Random Pixelated African Country Shapes

Click here to take the quiz!

General Stats

  • This quiz has been taken 1,174 times
  • The average score is 7 of 10

Answer Stats

Answer% Correct
Morocco
94%
South Africa
94%
Egypt
93%
Algeria
92%
Ethiopia
92%
Senegal
92%
Namibia
90%
Somalia
90%
Madagascar
89%
Libya
88%
Mozambique
86%
Chad
85%
Mali
85%
Gambia
83%
Togo
83%
Benin
82%
D.R. Congo
81%
Sudan
81%
Cameroon
80%
Central African Republic
78%
Zambia
78%
Eritrea
77%
Malawi
76%
Angola
74%
Ghana
74%
Liberia
74%
Gabon
73%
Mauritania
73%
Tunisia
73%
Niger
72%
Rep. of the Congo
69%
Guinea
66%
Guinea-Bissau
64%
Tanzania
64%
Equatorial Guinea
63%
Nigeria
63%
Burkina Faso
62%
Ivory Coast
60%
Kenya
58%
Zimbabwe
57%
Botswana
55%
Djibouti
52%
Uganda
48%

Score Distribution

Percentile by Number Answered

Percent of People with Each Score

Your Score History

You have not taken this quiz